| 000 | 00898nam a2200205 a 4500 | ||
|---|---|---|---|
| 001 | 001070885 | ||
| 003 | AM-YeHGA | ||
| 005 | 20250618074401.0 | ||
| 008 | 150430s2012 ai r 000 0 arm d | ||
| 020 | _a9789994158775 (Հ. 1) | ||
| 020 | _a978-99941-58-78-2 (Հ. 2) | ||
| 040 | _aAM-YeHGA | ||
| 041 | 0 | _aarm | |
| 245 | 1 | 0 |
_aԵրկեր / _cՎազգեն Օվյան. |
| 260 |
_aՍտեփանակերտ : _bՍոնա, _c2012. |
||
| 300 |
_aՀատոր : _bնկ. |
||
| 505 | 1 | 0 |
_gՀ. 1 (2012, 432 էջ։ դիմանկ.) _tբանաստեղծություններ, արձակ բանաստեղծություններ և մանրապատումներ, պատմվածքներ, առակներ, միկրոառակներ _gՀ. 2 (2012, 448 էջ ։ դիմանկ.) _tԱռակ-հեքիաթներ, պոեմ, վիպակներ, վեպեր |
| 650 | 1 | 4 |
_aՀայ գրականագիտություն _94862 |
| 090 | _c349107 | ||
| 999 |
_c347304 _d347304 |
||